[Event "GER-ch23 final (Women) email"]
[Site "GER email"]
[Date "2013.09.24"]
[Round "?"]
[White "Achatz, Kirstin"]
[Black "Weier, Heike"]
[Result "1/2-1/2"]
[WhiteElo "2033"]
[BlackElo "2019"]
[PlyCount "75"]
[EventDate "2013.10.15"]
[EventType "tourn (corr)"]
[EventRounds "5"]
[EventCountry "GER"]
[SourceTitle "Corr 2015"]
[Source "ChessBase"]
[SourceDate "2015.07.17"]
[SourceVersion "1"]
[SourceVersionDate "2015.07.17"]
[SourceQuality "1"]

1. d4 Nf6 2. c4 e6 3. Nf3 b6 4. g3 Bb7 5. Bg2 c5 6. d5 exd5 7. Nh4 g6 8. Nc3 Bg7 9. 0-0 0-0 10. Bg5 Qe8 11. Bf4 Qe7 12. Nb5 Ne8 13. Rb1 Bc6 14. Bxd5 Bxd5 15. Qxd5 Nc6 16. e3 Nf6 17. Qg2 Rfd8 18. Rbd1 h6 19. Bd6 Qe6 20. Nc7 Qxc4 21. Nxa8 Rxa8 22. Be5 Qe6 23. Bxf6 Bxf6 24. Rd5 Rd8 25. Rfd1 d6 26. R5d2 Ne7 27. Nf3 d5 28. Kh1 Qg4 29. a3 Qa4 30. Re1 Nc6 31. h4 c4 32. Rg1 Kg7 33. h5 Qb5 34. hxg6 fxg6 35. Rgd1 Bxb2 36. Ng5 c3 37. Ne6+ Kh8 38. Rxd5 1/2-1/2

[Event "GER-ch23 final (Women) email"]
[Site "GER email"]
[Date "2013.09.24"]
[Round "?"]
[White "Lindemann, Antje"]
[Black "Weier, Heike"]
[Result "1/2-1/2"]
[WhiteElo "1991"]
[BlackElo "2019"]
[PlyCount "103"]
[EventDate "2013.10.15"]
[EventType "tourn (corr)"]
[EventRounds "5"]
[EventCountry "GER"]
[SourceTitle "Corr 2015"]
[Source "ChessBase"]
[SourceDate "2015.07.17"]
[SourceVersion "1"]
[SourceVersionDate "2015.07.17"]
[SourceQuality "1"]

1. e4 e5 2. Nf3 Nf6 3. d4 Nxe4 4. Bd3 d5 5. Nxe5 Nd7 6. Nxd7 Bxd7 7. 0-0 Bd6 8. c4 c6 9. Nc3 0-0 10. cxd5 Nxc3 11. bxc3 cxd5 12. Qh5 g6 13. Qxd5 Qc7 14. Bh6 Rfd8 15. Qg5 Qxc3 16. Rfd1 Bf8 17. Bxf8 Rxf8 18. Rac1 Qb2 19. Bc4 Rac8 20. Qf4 Bf5 21. Bb3 Rxc1 22. Rxc1 a5 23. h4 b5 24. Rc5 a4 25. Bd5 Qe2 26. Kh2 b4 27. Rc7 Be6 28. Re7 Qg4 29. Qxg4 Bxg4 30. Bc6 Rb8 31. Bxa4 Be6 32. Bb3 Bxb3 33. axb3 Rd8 34. Re4 f5 35. Rf4 Rd5 36. Kg1 Kf7 37. Kf1 Ke6 38. Ke2 Rd7 39. d5+ Kxd5 40. Rxb4 Kc5 41. Rb8 Kd4 42. b4 Ke4 43. b5 Rc7 44. b6 Rc2+ 45. Kd1 Rb2 46. Kc1 Rb5 47. Kc2 Kf4 48. h5 gxh5 49. Kd3 h4 50. Kc4 Rb2 51. Rb7 h5 52. Kc3 1/2-1/2

[Event "GER-ch24 final (Women) email"]
[Site "GER email"]
[Date "2013.05.08"]
[Round "?"]
[White "Harra, Huberta"]
[Black "Weier, Heike"]
[Result "0-1"]
[WhiteElo "1329"]
[BlackElo "2011"]
[PlyCount "46"]
[EventDate "2013.05.11"]
[EventType "tourn (corr)"]
[EventRounds "11"]
[EventCountry "GER"]
[SourceTitle "Corr 2015"]
[Source "ChessBase"]
[SourceDate "2015.07.17"]
[SourceVersion "1"]
[SourceVersionDate "2015.07.17"]
[SourceQuality "1"]

1. e4 e5 2. d3 Bc5 3. Qe2 Nf6 4. Be3 Bxe3 5. Qxe3 0-0 6. Be2 d5 7. a3 Nc6 8. Nf3 Qd6 9. exd5 Nxd5 10. Qg5 Nf4 11. Bd1 f6 12. Qg3 Ne7 13. Qh4 Nxg2+ 14. Ke2 Nxh4 15. Kd2 Qc6 16. Rg1 Nxf3+ 17. Bxf3 Qxf3 18. Ke1 Bg4 19. Kd2 Qxf2+ 20. Kc3 Qd4+ 21. Kd2 Nd5 22. Rxg4 Qf2+ 23. Kc1 Qe1# 0-1

[Event "GER-ch24 final (Women) email"]
[Site "GER email"]
[Date "2013.05.08"]
[Round "?"]
[White "Weier, Heike"]
[Black "Vinken, Stefanie"]
[Result "1-0"]
[WhiteElo "2011"]
[BlackElo "1487"]
[PlyCount "29"]
[EventDate "2013.05.11"]
[EventType "tourn (corr)"]
[EventRounds "11"]
[EventCountry "GER"]
[SourceTitle "Corr 2015"]
[Source "ChessBase"]
[SourceDate "2015.07.17"]
[SourceVersion "1"]
[SourceVersionDate "2015.07.17"]
[SourceQuality "1"]

1. Nf3 d5 2. d4 e6 3. c4 Nf6 4. Nc3 Be7 5. Bf4 0-0 6. e3 c5 7. dxc5 Bxc5 8. a3 Nc6 9. Qc2 a6 10. Rd1 Re8 11. cxd5 exd5 12. Nxd5 Nxd5 13. Qxc5 Qf6 14. Bg5 Qxb2 15. Rxd5 1-0

[Event "GER-ch24 final (Women) email"]
[Site "GER email"]
[Date "2013.05.08"]
[Round "?"]
[White "Weier, Heike"]
[Black "Willert Betker, Sabine"]
[Result "1-0"]
[WhiteElo "2011"]
[BlackElo "2112"]
[PlyCount "69"]
[EventDate "2013.05.11"]
[EventType "tourn (corr)"]
[EventRounds "11"]
[EventCountry "GER"]
[SourceTitle "Corr 2015"]
[Source "ChessBase"]
[SourceDate "2015.07.17"]
[SourceVersion "1"]
[SourceVersionDate "2015.07.17"]
[SourceQuality "1"]

1. Nf3 Nf6 2. c4 e6 3. Nc3 d5 4. d4 Bb4 5. Bg5 dxc4 6. e4 c5 7. Bxc4 cxd4 8. Nxd4 Bxc3+ 9. bxc3 Qa5 10. Nb5 Nxe4 11. Bf4 0-0 12. 0-0 Nd7 13. Re1 Ndf6 14. Bd3 Nc5 15. Nc7 e5 16. Bxe5 Bg4 17. Qb1 Rad8 18. Bf1 Nd5 19. Qb5 Qxb5 20. Nxb5 a6 21. h3 axb5 22. hxg4 b4 23. cxb4 Nxb4 24. Red1 Rxd1 25. Rxd1 h6 26. Bd6 Rd8 27. Bxc5 Rxd1 28. Bxb4 Rd4 29. a3 Rxg4 30. f3 Rd4 31. Kf2 g6 32. Ke3 Rh4 33. f4 Rh1 34. Be2 f5 35. Kd3 1-0

[Event "GER-ch23 V02 (Women) email"]
[Site "GER email"]
[Date "2011.05.21"]
[Round "?"]
[White "Weier, Heike"]
[Black "Schaffrinna, Anke"]
[Result "1/2-1/2"]
[WhiteElo "2008"]
[BlackElo "1938"]
[PlyCount "122"]
[EventDate "2011.05.30"]
[EventType "tourn (corr)"]
[EventRounds "6"]
[EventCountry "GER"]
[SourceTitle "Corr 2015"]
[Source "ChessBase"]
[SourceDate "2015.07.17"]
[SourceVersion "1"]
[SourceVersionDate "2015.07.17"]
[SourceQuality "1"]

1. e4 e5 2. Nf3 Nc6 3. Bb5 a6 4. Bxc6 dxc6 5. 0-0 Qf6 6. d4 exd4 7. Bg5 Qg6 8. Qxd4 Bd6 9. Re1 h6 10. Bh4 Bh3 11. Bg3 Bxg3 12. hxg3 Be6 13. Nc3 Nf6 14. Rad1 Nd7 15. Nd5 cxd5 16. exd5 0-0-0 17. dxe6 Nb6 18. Qe5 Rxd1 19. Rxd1 fxe6 20. Qe2 Qf6 21. c4 Nd7 22. b4 Rd8 23. c5 Nb8 24. Rxd8+ Kxd8 25. b5 axb5 26. Qxb5 Nd7 27. Qxb7 Nxc5 28. Qb8+ Kd7 29. Qb4 Kd6 30. Qd2+ Kc6 31. Kh2 e5 32. a4 e4 33. Nd4+ Kb7 34. Qb4+ Qb6 35. Nb5 Qc6 36. Nc3+ Ka6 37. Qc4+ Kb7 38. a5 e3 39. f3 Na6 40. Qb3+ Ka8 41. Qg8+ Nb8 42. Qxg7 Qe8 43. Qxc7 e2 44. Nxe2 Qxe2 45. Qd6 Qb5 46. Qxh6 Qxa5 47. g4 Kb7 48. Qg7+ Kc8 49. Qf8+ Kb7 50. Qf7+ Kc6 51. Qe6+ Kc7 52. f4 Qb4 53. Qe5+ Kd8 54. Qf6+ Kd7 55. g5 Nc6 56. Qf5+ Ke8 57. Qg6+ Kd7 58. Qd3+ Qd4 59. Qxd4+ Nxd4 60. Kg3 Ke6 61. Kg4 Nf5 1/2-1/2

[Event "GER HS-099 email"]
[Site "GER email"]
[Date "2011.03.21"]
[Round "?"]
[White "Gronemann, Joern"]
[Black "Weier, Heike"]
[Result "1/2-1/2"]
[WhiteElo "1898"]
[BlackElo "2019"]
[PlyCount "106"]
[EventDate "2011.03.29"]
[EventType "tourn (corr)"]
[EventRounds "6"]
[EventCountry "GER"]
[SourceTitle "Corr 2015"]
[Source "ChessBase"]
[SourceDate "2015.07.17"]
[SourceVersion "1"]
[SourceVersionDate "2015.07.17"]
[SourceQuality "1"]

1. e4 e6 2. d4 d5 3. Nc3 Nf6 4. Bg5 Be7 5. e5 Nfd7 6. Bxe7 Qxe7 7. f4 0-0 8. Nf3 c5 9. Qd2 cxd4 10. Nxd4 Nc6 11. 0-0-0 a6 12. g4 Nxd4 13. Qxd4 b5 14. Bd3 Nc5 15. Kb1 Nxd3 16. Rxd3 b4 17. Na4 Bd7 18. Nb6 Rab8 19. Nxd7 Qxd7 20. Rf1 Rfc8 21. f5 Qc7 22. Rf2 Qc4 23. b3 Qxd4 24. Rxd4 Rc3 25. Rd3 Rc5 26. Kb2 a5 27. Rdf3 Rd8 28. a3 bxa3+ 29. Kxa3 d4 30. Re2 exf5 31. gxf5 Rdd5 32. e6 Kf8 33. e7+ Ke8 34. f6 gxf6 35. Rxf6 Rf5 36. Rxf5 Rxf5 37. Rd2 Rc5 38. Rxd4 Rxc2 39. Rh4 Kxe7 40. Rxh7 Ke6 41. Rh6+ Ke5 42. Ra6 Rc5 43. h4 f5 44. h5 f4 45. h6 Rc7 46. Rxa5+ Ke4 47. Rh5 Rh7 48. Kb4 f3 49. Rh2 Kf4 50. Kc5 Kg3 51. Rh1 f2 52. Rf1 Rc7+ 53. Kd6 Rb7 1/2-1/2

[Event "GER HS-099 email"]
[Site "GER email"]
[Date "2011.03.21"]
[Round "?"]
[White "Weier, Heike"]
[Black "Wilshusen, Horst"]
[Result "1-0"]
[WhiteElo "2019"]
[BlackElo "1530"]
[PlyCount "35"]
[EventDate "2011.03.29"]
[EventType "tourn (corr)"]
[EventRounds "6"]
[EventCountry "GER"]
[SourceTitle "Corr 2015"]
[Source "ChessBase"]
[SourceDate "2015.07.17"]
[SourceVersion "1"]
[SourceVersionDate "2015.07.17"]
[SourceQuality "1"]

1. d4 Nf6 2. c4 e6 3. Nf3 Bb4+ 4. Bd2 Qe7 5. e3 Bxd2+ 6. Qxd2 0-0 7. Nc3 d6 8. Be2 e5 9. Qc2 Bg4 10. dxe5 dxe5 11. Ng5 g6 12. Bxg4 Nxg4 13. Nge4 c6 14. h3 Nf6 15. Nxf6+ Qxf6 16. Ne4 Qe7 17. 0-0-0 Nd7 18. Rxd7 1-0